Teoría y problemas algebra elemental moderna / (Record no. 9195)

000 -CABECERA
fixed length control field 01008nam a22002177a 4500
003 - IDENTIFICADOR DEL NÚMERO DE CONTROL
control field AR-CdUCM
008 - DATOS DE LONGITUD FIJA--INFORMACIÓN GENERAL
fixed length control field 190327b ||||| |||| 00| 0 spa d
040 ## - FUENTE DE LA CATALOGACIÓN
Agencia/entidad que catalogó originalmente la obra MUNICIPALIDAD PROVINCIAL DEL CUSCO
Entidad que transcribió la catalogación BIBLIOTECA MUNICIPAL DEL CUSCO
082 ## - NÚMERO DE LA CLASIFICACIÓN DECIMAL DEWEY
No. de Clasificación 512 /
Notacion interna R54
100 ## - ENTRADA PRINCIPAL--NOMBRE DE PERSONA
Nombre Personal Rich, Barnett
245 ## - MENCIÓN DE TÍTULO
Título Teoría y problemas algebra elemental moderna /
260 ## - PUBLICACIÓN, DISTRIBUCIÓN, ETC.
Lugar de publicación, distribución, etc. Colombia :
Nombre de la editorial, distribuidor, etc. McGraw-Hill,
Fecha de publicación, distribución, etc. 1976.
300 ## - DESCRIPCIÓN FÍSICA
Nº de Páginas Extensión 392 páginas ;
Dimensiones 27 cm.
440 ## - MENCIÓN DE SERIE/PUNTO DE ACCESO ADICIONAL--TÍTULO
Título Serie de compendios Schaum.
9 (RLIN) 25186
505 ## - NOTA DE CONTENIDO CON FORMATO
Nota de contenido formateada Contenido : De la aritmetica al algebra -- Ecuaciones sencillas y su solución -- Los números reales -- Monomios y polinomios -- Ecuaciones e inecuaciones de primer grado con una incognita -- Nociones de geométria. Formulas -- Nociones de geométria analitica -- Sistema de ecuaciones e inecuaciones lineales en dos variables ...
650 ## - PUNTO DE ACCESO ADICIONAL DE MATERIA--TÉRMINO DE MATERIA
Descriptor Algebra elemental
9 (RLIN) 25255
650 ## - PUNTO DE ACCESO ADICIONAL DE MATERIA--TÉRMINO DE MATERIA
Descriptor Matematica
9 (RLIN) 20026
700 ## - PUNTO DE ACCESO ADICIONAL--NOMBRE DE PERSONA
Nombre Personal Caro Caycedo, Eduardo A. (traductor)
9 (RLIN) 25256
942 ## - ELEMENTOS DE PUNTO DE ACCESO ADICIONAL (KOHA)
Fuente de clasificación
Tipo de item Libros-BMC
945 ## - PROCESAMIENTO DE INFORMACIÓN LOCAL (OCLC)
Catalogador zta
Holdings
Estado de retiro (separado) Fuente de clasificación o esquema de estanterías Estado dañado Ubicación Sala donde se ubica Nombre de la colección Fecha de adquisición o compra Costo, precio normal en soles Signatura topográfica Código de Barras Última vez visto (Koha) Tipo de ítem (Koha)
No     Sala Ciencias Sala Ciencias Book Cart 2019-03-27 50.00 512 / R54 SC0000001214 2019-03-27 Libros-BMC

Powered by Koha